000 00864nam a2200277 i 4500
001 C2-0332914
003 PPAK
005 20180728133040.0
008 150819s2015 my a|||| ||||| | may d
020 _a9789673871568
040 _aPPAK
_beng
_cPPAK
_erda
082 0 4 _a612.11
_223
090 0 0 _a612.11
_bANA
_dK
245 0 0 _aAnatomi dan fungsi tubuh
264 1 _aRawang, Selangor :
_bPustaka Minda Aktif ,
_c2015
300 _a40 pages :
_bcolour photographs ;
_c26 cm
336 _2rdacontent
_atext
337 _2rdamedia
_aunmediated
338 _2rdacarrier
_avolume
490 1 _aSiri eksplorasi darah
500 _aIncludes questions and answer ; Includes glossary
650 1 0 _aBlood - Juvenile literature. ; Anatomy. ; Anatomy, Human.
700 0 _aNurul Ain Amirnur Rashid,
_ecompile
830 0 _aSiri eksplorasi darah
942 _ddc
_cB
999 _c131538
_d131538